00486nam a2200157Ia 4500008004100000020001500041041000800056082001500064100001800079245013100097250000600228260003300234300001400267650002800281999001900309210716s2006 xx 000 0 und d a8174464743 aeng a658.4 AQUP aAquinas, P G. aOrganizational behaviour: concepts, realities, applications and challenges.bconcepts, realities, applications and challenges. a1 aNew DelhibExcel Booksc2006 axiii, 427 aOrganisational Behavior c202843d202843